Letters to my son.

Bibliographic Details
Main Author: Runes, Dagobert D. (Dagobert David), 1902-1982
Format: Book
Language:English
Published: New York : Philosophical Library, [1949]

MARC

Tag First Indicator Second Indicator Subfields
LEADER 00000cam a2200000 4500
001 in00000082579
005 20151008053048.0
008 741115s1949 eng u
010 |a  49010984  
035 |a (OCoLC)01077471 
035 |9 AAH6051AM 
040 |c HEI  |d TXA  |d UtOrBLW 
049 |a TXAM  |c [174497] 
050 0 |a B945.R83  |b L4 
092 |a 170  |b R941 
100 1 |a Runes, Dagobert D.  |q (Dagobert David),  |d 1902-1982. 
245 1 0 |a Letters to my son. 
264 1 |a New York :  |b Philosophical Library,  |c [1949] 
300 |a 92 pages ;  |c 23 cm. 
336 |a text  |b txt  |2 rdacontent 
337 |a unmediated  |b n  |2 rdamedia 
338 |a volume  |b nc  |2 rdacarrier 
999 |a MARS 
999 f f |s 1c8826e2-afdb-3f3a-a391-f0fe46a5c2a8  |i d1f624f2-9e8f-365e-be32-e70cd953db67  |t 0 
952 f f |p ric  |a Texas A&M University  |b Rellis Campus  |c Joint Library Facility  |d Remote Storage  |t 0  |e B945.R83 L4  |h Library of Congress classification  |i unmediated -- volume  |m A14800532444 
998 f f |a B945.R83 L4  |t 0  |l Remote Storage